000 00617nam a2200145Ia 4500
008 151213s9999 xx 000 0 und d
100 _aজাকির ইবনে সোলায়মান।
245 _aকাজলা
_cজাকির ইবনে সোলায়মান।
260 _aঢাকা
_bনিউ কল্পনা পাবলিকেশন্স এ্র্য্ন্ডা আখি বই বিতান।
_c1997
300 _a8775 p.
650 _aBangla
650 _aকবিতা
700 _aজাকির ইবনে সোলায়মান।
999 _c4560
_d4560